Ekonomika služieb 1970-1979

Guardado en:
Detalles Bibliográficos
Autor principal: Horniaková, Marta
Otros Autores: Kontra, Martin
Formato: Libro
Lenguaje:eslovaco
Publicado: Bratislava Ústredná ekonomická knižnica 1982
Colección:Ekonomické bibliografie č. 800
Etiquetas: Agregar Etiqueta
Sin Etiquetas, Sea el primero en etiquetar este registro!

MARC

LEADER 00000nam a2200000 4500
001 c136244
005 20250908115333.5
041 0 |a slo 
044 |a SK 
245 1 0 |a Ekonomika služieb 1970-1979  |c Marta Horniaková, Martin Kontra 
264 1 |a Bratislava  |b Ústredná ekonomická knižnica  |c 1982 
300 |a 182 s.  |e 899 zázn. 
490 1 |a Ekonomické bibliografie  |v č. 800 
830 0 |a Ekonomické bibliografie  |v č. 800 
100 1 |a Horniaková, Marta 
700 1 |a Kontra, Martin